Zadlženosť štátu rastie

Rast zahraničného dlhu Slovenska od roku 1993. Hrubý zahraničný dlh SR k 30. 6. 2003. Očakávania do budúcnosti.

Gespeichert in:
Bibliographische Detailangaben
1. Verfasser: Kyjac, Pavol
Format: Buchkapitel
Sprache:Slowakisch
Schlagworte:
Tags: Tag hinzufügen
Keine Tags, Fügen Sie das erste Tag hinzu!

MARC

LEADER 00000naa$a2200000$$$4500
001 0001981
005 20230920090929.9
041 0 |a slo 
044 |a SK 
245 1 0 |a Zadlženosť štátu rastie  |c aut. Pavol Kyjac 
520 |a Rast zahraničného dlhu Slovenska od roku 1993. Hrubý zahraničný dlh SR k 30. 6. 2003. Očakávania do budúcnosti. 
610 2 0 |a Slovensko 
610 2 0 |a dlhy štátne 
610 2 0 |a zadlženosť zahraničná 
100 1 |a Kyjac, Pavol